Football 50+ international goals - Statistics

General Stats
  • This quiz has been taken 33 times
  • The average score is 10 of 18
Answers on the Grid
Answers color-coded by a green-red scale on the quiz's grid according to % correct below.
Ronaldo
Messi
Raphinha
Lewandowski
Vini jr
Haaland
Osimhen
Lautaro Martinez
Mbappe
Saka
Palmer
Lukaku
Depay
Richarlison
Kane
Gabriel Jesus
Totti
Neymar
Baggio
Del piero
Salah
Son
Dzeko
Mane
Pele
Klose
Ibrahimovic
Muller
Suarez
Puskas
 
Answer Stats
Answer % Correct
Ronaldo
84%
Lewandowski
79%
Messi
74%
Ibrahimovic
68%
Kane
68%
Pele
68%
Muller
63%
Klose
58%
Neymar
58%
Suarez
58%
Lukaku
53%
Puskas
53%
Salah
53%
Mbappe
47%
Dzeko
37%
Depay
26%
Haaland
21%
Mane
21%
No matching quizzes found
Score Distribution
Percent of People with Each Score
Percentile by Number Answered
Your Score History
You have not taken this quiz